LEADER 01227nam0 2200313 4500 001 000028761 005 20120612133723.0 010 $a978-88-8317-076-8 100 $a20120319d2010----km-y0itay50------ba 101 0 $aita 102 $aIT 105 $ay-------001yy 200 1 $aElementi di impianti elettrici di media e bassa tensione$fValerio Mangoni, Guido Carpinelli, Pietro Varilone 210 $aCassino$cEdizioni Universitą di Cassino$d2010 215 $a221 p.$cill.$d30 cm 225 2 $aCollana didattica$fFacoltą di ingegneria$v4 410 0$12001$aCollana didattica$fFacoltą di ingegneria$v4 500 10$aElementi di impianti elettrici di media e bassa tensione$941259 610 1 $aImpianti elettrici a bassa tensione 610 1 $aImpianti elettrici a media tensione 676 $a621.319$v21$9Trasmissione (distribuzione) di energia elettrica 700 1$aMangoni,$bValerio$4070$0333539 701 1$aCarpinelli,$bGuido$4070$08200 701 1$aVarilone,$bPietro$4070$0515704 801 0$aIT$bUNIPARTHENOPE$c20120319$gRICA$2UNIMARC 912 $a000028761 951 $aP1 621-E/53$b43653$cPIST$d2012 996 $aElementi di impianti elettrici di media e bassa tensione$941259 997 $aUNIPARTHENOPE